书目信息 |
| 题名: |
动植物神秘现象全记录
|
|
| 作者: | 占立 主编 | |
| 分册: | ||
| 出版信息: | 北京 中国方正出版社 2003 |
|
| 页数: | 297页 | |
| 开本: | 21cm | |
| 丛书名: | 发现系列 | |
| 单 册: | ||
| 中图分类: | Q95-49 , Q94-49 , Q94-49 | |
| 科图分类: | ||
| 主题词: | 动物--普及读物 , 植物--普及读物 , 动物 , 植物 , 植物学 | |
| 电子资源: | ||
| ISBN: | 7-80107-465-3 | |
| 000 | 00926oam2 2200313 450 | |
| 001 | 1536102507 | |
| 005 | 20170927174650.64 | |
| 010 | @a7-80107-465-3@dCNY24.50 | |
| 100 | @a20060104d2003 em y0chiy50 ea | |
| 101 | 0 | @achi |
| 102 | @aCN@b110000 | |
| 105 | @aa z 000yd | |
| 200 | 1 | @a动植物神秘现象全记录@9dong zhi wu shen mi xian xiang quan ji lu@f占立主编 |
| 210 | @a北京@c中国方正出版社@d2003 | |
| 215 | @a297页@c图@d21cm | |
| 225 | 2 | @a发现系列 |
| 330 | @a本书分隐性动物之谜、古生物之谜、奇趣动物之谜、奇趣植物之谜、植物预测地震之谜五部分。内容包括:人类进化的起点、动物有记忆力吗等。 | |
| 461 | 0 | @12001 @a发现系列 |
| 606 | 0 | @a动物@j普及读物 |
| 606 | 0 | @a植物@j普及读物 |
| 606 | 0 | @a动物 |
| 606 | 0 | @a植物 |
| 606 | 0 | @a植物学 |
| 690 | @aQ95-49@v5 | |
| 690 | @aQ94-49@v5 | |
| 690 | @aQ94-49@v4 | |
| 701 | 0 | @a占立@9zhan li@4主编 |
| 801 | 0 | @aCN@bTSSF@c20150126 |
| 905 | @aZUCC@dQ94-49@eJY1 | |
| 动植物神秘现象全记录/占立主编.-北京:中国方正出版社,2003 |
| 297页:图;21cm.-(发现系列) |
| ISBN 7-80107-465-3:CNY24.50 |
| 本书分隐性动物之谜、古生物之谜、奇趣动物之谜、奇趣植物之谜、植物预测地震之谜五部分。内容包括:人类进化的起点、动物有记忆力吗等。 |
| ● |
| 相关链接 |
|
|
|
|
正题名:动植物神秘现象全记录
索取号:Q94-49/JY1
 
预约/预借
| 序号 | 登录号 | 条形码 | 馆藏地/架位号 | 状态 | 备注 |
| 1 | 7842972 | 278429728 | 学院路分馆/ [索取号:Q94-49/JY1] | 在馆 |